Fenomenología elemental de la estructura jurídica

Saved in:
Bibliografiske detaljer
Hovedforfatter: Sainz Moreno, Javier (Author)
Format: Bog
Sprog:spansk
Udgivet: Madrid Marsiega 1978
Fag:
Tags: Tilføj Tag
Ingen Tags, Vær først til at tagge denne postø!

MARC

LEADER 00000nam a2200000 a 4500
001 UCV2523
003 CL-VaPUC
008 920811e19780000SP |||||||||||||||||spa|d
082 0 4 |a 340.1  |b SAI  |2 21 
100 0 |a Sainz Moreno, Javier  |e author  |9 296761 
245 1 0 |a Fenomenología elemental de la estructura jurídica 
300 |a 168 p 
942 |c BK 
945 |d 19920811 00:00:00 
260 |a Madrid  |b Marsiega  |c 1978 
650 0 |a Jurisprudencia  |9 255952 
650 0 |a Fenomenología  |9 256519 
583 |a last modification  |c 19920811 00:00:00  |k Rodrigo Vera 
999 |c 210066  |d 210064 
952 |0 0  |1 0  |4 0  |6 340_100000000000000_SAI_1978  |7 0  |8 DER_TF  |9 186074  |a BIBDER  |b BIBDER  |d 2019-11-14  |i 2535351  |o 340.1 SAI 1978  |p 2535351  |r 2023-01-25  |w 2019-11-14  |x Ubicación 4to Piso  |y BK  |z Estos recursos deben solicitarse con anticipación  |k DER